Statistics for Alliteration by Letter - F

Click here to take the quiz!

General Stats

  • This quiz has been taken 27,367 times
  • The average score is 12 of 20

Answer Stats

Clue Answer % Correct
Food known to the British
as "chips"
French Fries
96%
"Yabba-dabba-doo!"Fred Flintstone
87%
Day of the week when mothers
and daughters switch bodies
Freaky Friday
76%
His assassination started WWIFranz Ferdinand
76%
Opposite of rewindFast Forward
69%
Oil, coal, or natural gasFossil Fuel
67%
Cannes or Sundance, for exampleFilm Festival
65%
Dangerously seductive womanFemme Fatale
64%
Getting shot at by your own troopsFriendly Fire
64%
Careless camper's conflagration?Forest Fire
63%
Basic type of sandalFlip Flop
62%
Cafeteria battleFood Fight
58%
Target of airline loyalty programsFrequent Flier
58%
The Invisible Woman and palsFantastic Four
55%
"Charlie's Angels" actress who
had great hear
Farrah Fawcett
54%
What happens when
starving piranhas see prey
Feeding Frenzy
46%
Tom Petty's signature songFree Fallin'
44%
"Star Trek" shield technologyForce Field
44%
One man's terrorist is another
man's this
Freedom Fighter
42%
Sudden delugeFlash Flood
42%

Score Distribution

Percentile by Number Answered

Percent of People with Each Score

Your Score History

You have not taken this quiz